ORGANIZACION Y SOCIEDAD : EL VINCULO ESTRATEGICO /

Guardat en:
Dades bibliogràfiques
Altres autors: Ibarra Colado, Eduardo (autor) (autor)
Format: Llibre
Col·lecció:SERIE DE INVESTIGACION ; 2
Matèries:
Etiquetes: Afegir etiqueta
Sense etiquetes, Sigues el primer a etiquetar aquest registre!

MARC

LEADER 00000nam^a2200000^a^4500
001 000244611
005 20250521000000.0
009 20260310105427.935
020 |a 968-840-843-3 
035 |a 067980 
037 |a Acervo Xavier Clavigero 
082 |a 658. 1  |b ORG 
245 1 0 |a ORGANIZACION Y SOCIEDAD :  |b EL VINCULO ESTRATEGICO /  |c EDUARDO IBARRA COLADO ... [ ET AL.] 
264 |a México :  |b UAM,  |c 1990 
300 |a 215 p. 
336 |a texto  |b txt  |2 rdacontenido 
337 |a sin mediación  |b n  |2 rdamedio 
338 |a volumen  |b nc  |2 rdasoporte 
440 |a SERIE DE INVESTIGACION ;  |v 2 
649 |a XX 
650 |a ORGANIZACION. 
650 |a SOCIOLOGIA. 
700 |a Ibarra Colado, Eduardo  |e (autor) 
910 |a Fondo General 
920 |a Impresos - Libros 
930 |a Colección General 
905 |a 101 
901 |a 067980  |b IT1  |c ACC  |i 067980  |u 20250521 
902 |a https://opac.biblio.iteso.mx/vufind/Record/000244611